| 000 | 00933nam a2200265 a 4500 | ||
|---|---|---|---|
| 001 | 000019432 | ||
| 005 | 20200929170021.0 | ||
| 008 | 100629s2006 es abc 001 0 spa d | ||
| 020 | _a8497645731 | ||
| 040 |
_aDO-SdBNP _bspa _cBNPHU |
||
| 082 |
_a923.137 _bN452P |
||
| 100 | 1 |
_aPecci Renrero, Hipólito _941711 |
|
| 245 | 1 | 0 |
_aNerón / _cHipólito Pecci Renrero ; coordinador Felipe Sen. |
| 260 |
_aMadrid : _bEdimat Libros, _c2006. _fCofas |
||
| 300 |
_a189 p. : _bil., map., retrs ; _c22 cm. |
||
| 490 | 1 | _aGrandes biografías | |
| 500 | _aIncluye datos biográficos de Nerón en la contracubierta | ||
| 504 | _aIncluye bibliografías (p. 185-186) | ||
| 600 | 1 | 4 |
_aNERÓN, EMPERADOR DE ROMA, _d37-68 _941712 |
| 651 | 4 |
_aRoma _xHistoria _yNERÓN, 30 A. C. - 68 D. C. _941713 |
|
| 650 | 4 |
_aEmperadores romanos _xBiografías _941714 |
|
| 700 | 1 |
_aSen Felipe _ecoor. _941688 |
|
| 830 | 0 |
_aGrandes biografías _911230 |
|
| 049 | _aBNPD | ||
| 999 |
_c18948 _d18948 |
||